Statistics for Flags that are Red, White and Blue

Click here to take the quiz!

General Stats

  • This quiz has been taken 2,030 times
    (2,026 since last reset)
  • The average score is 14 of 25

Answer Stats

Country % Correct
United States
92%
France
91%
United Kingdom
86%
Russia
85%
Netherlands
82%
Australia
75%
New Zealand
70%
Luxembourg
62%
Norway
60%
Iceland
59%
Slovakia
56%
Chile
52%
Serbia
51%
Thailand
51%
Cuba
48%
Czech Republic
47%
Panama
46%
Costa Rica
43%
North Korea
38%
Liberia
34%
Laos
29%
Cambodia
29%
Taiwan
28%
Samoa
23%
Nepal
20%

Score Distribution

Percentile by Number Answered

Percent of People with Each Score

Your Score History

You have not taken this quiz since the last reset